Statistics for Most Common Chinese Surnames

Click here to take the quiz!

General Stats

  • This quiz has been taken 1,118 times
  • The average score is 7 of 15

Answer Stats

HintAnswer% Correct
2Li
92%
1Wang
80%
5Chen
66%
3Zhang
61%
15Hu
53%
9Wu
52%
4Liu
47%
6Yang
40%
10Zhou
39%
7Huang
36%
13Ma
36%
8Zhao
31%
11Xu
29%
14Zhu
29%
12Sun
25%

Score Distribution

Percentile by Number Answered

Percent of People with Each Score

Your Score History

You have not taken this quiz